Rast obchodného deficitu Slovenska sa spomalil, názory na ďalší vývoj sa rozchádzajú

Vývoj zahraničnoobchodnej bilancie SR v roku 1997. Antiimportné opatrenia zavedené slovenskou vládou od mája tohoto roku. Zníženie obchodného deficitu, príčiny. Podiel obchodu Slovenska s EÚ je stabilný, s Českou republikou klesá. Na dovoz pre výrobnú spotrebu by sa nemali vzťahovať žiadne administr...

Full description

Saved in:
Bibliographic Details
Main Author: Švec, P.
Format: Book Chapter
Language:Slovak
Subjects:
Tags: Add Tag
No Tags, Be the first to tag this record!

MARC

LEADER 00000naa a2200000 4500
001 r028113
005 20230921082104.8
041 0 |a slo 
044 |a SK 
245 1 0 |a Rast obchodného deficitu Slovenska sa spomalil, názory na ďalší vývoj sa rozchádzajú  |c P. Švec 
520 |a Vývoj zahraničnoobchodnej bilancie SR v roku 1997. Antiimportné opatrenia zavedené slovenskou vládou od mája tohoto roku. Zníženie obchodného deficitu, príčiny. Podiel obchodu Slovenska s EÚ je stabilný, s Českou republikou klesá. Na dovoz pre výrobnú spotrebu by sa nemali vzťahovať žiadne administratívne opatrenia obmedzujúce dovoz. Nízky efekt proexportných opatrení (Eximbanka, Fond na podporu zahraničného obchodu). 
610 2 0 |a bilancia obchodná 
610 2 0 |a obchod zahraničný 
610 2 0 |a deficit 
610 2 0 |a vývoz 
610 2 0 |a dovoz 
610 2 0 |a Slovensko 
610 2 0 |a 1997 
100 1 |a Švec, P.